书目信息 |
| 题名: |
月下小景
|
|
| 作者: | 沈从文, 著 | |
| 分册: | ||
| 出版信息: | 成都 天地出版社 2021.06 |
|
| 页数: | 214页, [1] 叶图版 | |
| 开本: | 19cm | |
| 丛书名: | 沈从文著作集 | |
| 单 册: | ||
| 中图分类: | I246.7 | |
| 科图分类: | ||
| 主题词: | 短篇小说--duan pian xiao shuo--小说集--中国--现代 | |
| 电子资源: | ||
| ISBN: | 978-7-5455-6011-4 | |
| 000 | 00935nam 2200265 450 | |
| 001 | 0100028699 | |
| 005 | 20211025120205.0 | |
| 010 | @a978-7-5455-6011-4@dCNY38.00 | |
| 100 | @a20210707d2021 em y0chiy50 ea | |
| 101 | 0 | @achi |
| 102 | @aCN@b510000 | |
| 105 | @aaf z 000ay | |
| 106 | @ar | |
| 200 | 1 | @a月下小景@Ayue xia xiao jing@f沈从文著 |
| 210 | @a成都@c天地出版社@d2021.06 | |
| 215 | @a214页, [1] 叶图版@c图@d19cm | |
| 225 | 2 | @a沈从文著作集@Ashen cong wen zhu zuo ji@i小说 |
| 314 | @a沈从文, 中国著名作家、历史文物研究者。 | |
| 330 | @a本书是一部短篇小说集, 收录了《月下小景》《扇陀》《寻觅》《女人》《爱欲》《猎人故事》《一个农夫的故事》《医生》《慷慨的王子》。 | |
| 410 | 0 | @12001 @a沈从文著作集@i小说 |
| 606 | 0 | @a短篇小说@Aduan pian xiao shuo@x小说集@y中国@z现代 |
| 690 | @aI246.7@v5 | |
| 701 | 0 | @a沈从文,@Ashen cong wen@f1902-1988@4著 |
| 801 | 0 | @aCN@c20210909 |
| 905 | @a河南城建学院图书馆@dI246.7@eS387 | |
| 月下小景/沈从文著.-成都:天地出版社,2021.06 |
| 214页, [1] 叶图版:图;19cm.-(沈从文著作集.小说) |
| ISBN 978-7-5455-6011-4:CNY38.00 |
| 本书是一部短篇小说集, 收录了《月下小景》《扇陀》《寻觅》《女人》《爱欲》《猎人故事》《一个农夫的故事》《医生》《慷慨的王子》。 |
| ● |
| 相关链接 |
|
|
|
正题名:月下小景
索取号:I246.7/S387
 
预约/预借
| 序号 | 登录号 | 条形码 | 馆藏地/架位号 | 状态 | 备注 |
| 1 | 1546923 | 215469231 | 文学库108/108文学库 24排7列4层/ [索取号:I246.7/S387] | 在馆 | |
| 2 | 1546924 | 215469240 | 文学库108/108文学库 24排7列3层/ [索取号:I246.7/S387] | 在馆 |